Postmenopausia: ¿derrumbe o resurgir de la sexualidad y la identidad femeninas? = postmenopause: collapse or resurgence of female sexuality and feminine identity? /

La investigación se formula como un estudio comprensivo-interpretativo sustentado en referentes teórico conceptuales provenientes de estudios de género con orientación psicoanalítica. Se pretende comprender el complejo entramado relacional en el cual se entreteje la subjetividad femenina. El método...

Mô tả đầy đủ

Đã lưu trong:
Chi tiết về thư mục
Tác giả chính: Chinchilla Badilla, Ivannia
Định dạng: Texto
Những chủ đề:
Các nhãn: Thêm thẻ
Không có thẻ, Là người đầu tiên thẻ bản ghi này!

MARC

LEADER 00000 a a2200000 04500
001 43399
003
040
100 |a Chinchilla Badilla, Ivannia  
245 |a Postmenopausia: ¿derrumbe o resurgir de la sexualidad y la identidad femeninas? =   |b postmenopause: collapse or resurgence of female sexuality and feminine identity? /  |c Ivannia Chinchilla Badilla  
500 |a ivanniacb@yahoo.com  
520 |a La investigación se formula como un estudio comprensivo-interpretativo sustentado en referentes teórico conceptuales provenientes de estudios de género con orientación psicoanalítica. Se pretende comprender el complejo entramado relacional en el cual se entreteje la subjetividad femenina. El método basado en Hermenéutica Profunda Psicoanalítica desarrollado con dos mujeres de mediana edad del Area Metropolitana, considerando las vivencias de la feminidad y la sexualidad después de la menopausia. El estudio revela componentes intrapsíquicos e intersubjetivos comunes que comparten las mujeres entrevistadas en sus vivencias. Finalmente se aprecia la emergencia de resistencia y ambivalencia frente a la significación tradicional de la menopausia.  
590 |a KSR/JULIO2012  
650 |a 1.ESTUDIOS DE GENERO  
650 |a 2.SEXUALIDAD  
650 |a 3.HERMENEUTICA  
650 |a 4.SUBJETIVIDAD  
650 |a 5.PSICOANALISIS  
773 |g volumen91, número1 ( , 2012), páginas 53-65  
999 |c 30900  |d 30900